Estadísticas para Países más nuevos y antiguos del Mundo

Haz click aquí para intentar la prueba.

Estadísticas generales

  • Esta prueba ha sido intentada 44 veces
  • La puntuación promedio es 10 de 20

Estadísticas de respuestas

AñoPaís% Correcto
≈ 1600 a.C.China
79%
2008Kosovo
79%
2011Sudán del Sur
76%
≈ 3150 a.C.Egipto
74%
≈ 660 a.C.Japón
71%
≈ 1760 a.C.Irak
69%
≈ 2600 a.C.Irán
67%
2006Montenegro
67%
≈ 2500 a.C.India
64%
1992Bosnia & Herzegovina
57%
≈ 1600 a.C.Grecia
52%
301San Marino
52%
2002Timor Oriental
45%
1993Eslovaquia
38%
1993Eritrea
29%
≈ 2492 a.C.Armenia
26%
1991Kazajistán
26%
≈ 1200 a.C.México
26%
1991Turkmenistán
19%
1994Palaos
14%

Distribución de puntuación

Porcentaje por número respondido

Porcentaje de gente con cada puntuación

Historial de tus puntuaciones

No has intentado esta prueba.